000 00775nam a2200145 a 4500
008 090720s2008 ||||||||||||||||| || u
050 _aCBU-PG THESIS/MUS
100 _aMusuka, Confred Godfrey
245 1 0 _aEffects of dietary protein, water temperature and stocking density on performance of Tillapia Rentalli (Pisces: Cichlidae) Boulenger juveniles reared in indoor tanks
_cSupervised by Dr. J. S. Likongwe
260 _aBunga
_bUniversity of Malawi, Bunga College of Agriculture, Postgrauate Department
_c2008
300 _axiv, 127p. :ill.
350 _a0.00
650 _aFISH-CULTURE--DEVELOPING COUNTRIES
995 _D0.00
_FCBU-MAIN LIBRARY (Kitwe)
_H1
_I0.00
_M1
_UAVAILABLE
_WJul 20, 2009
_ZUniversity Collection
999 _c41335
_d41335